Η σημερινή και η αυριανή Ευρώπη

Saved in:
Bibliographic Details
Main Author: Giraud, Rene
Format: Book
Language:Greek
Published: Αθήναι : [χ.ε.], 1932
Series:Η Βιβλιοθήκη της Παγκοσμίου Κρίσεως ; ; 3
Subjects:
Tags: Add Tag
No Tags, Be the first to tag this record!

MARC

LEADER 00000cam a2200000 i 4500
001 1/5423
008 000603s1932 gre d
035 |l 10061578 
040 |a GR-MY-UA  |b gre  |e aacr 
041 0 |a gre 
082 0 |a 940.52 
100 1 |a Giraud, Rene. 
245 1 2 |a Η σημερινή και η αυριανή Ευρώπη /  |c υπό Rene Giraud 
260 |a Αθήναι :   |b [χ.ε.],   |c 1932 
300 |a 160 σ. 
490 1 |a Η Βιβλιοθήκη της Παγκοσμίου Κρίσεως  |v ; 3 
651 0 |a Europe  |x Social conditions. 
651 0 |a Europe  |x Economic conditions  |y 1928-1932. 
651 0 |a Europe  |x History  |y 1928-1932. 
830 0 |a Η Βιβλιοθήκη της Παγκοσμίου Κρίσεως ;  |v ; 3 
852 |a INST  |b LESVOS  |e 20000603  |h 940.52 GIR  |p 005100021169  |q 005100021169  |t BK  |y 0 
901 |a BIBL1-2000-2 
909 |a Λ  |b 072421 
970 |z 2000/06/ΜΙΧΑΗΛΙΔΟΥ ΑΝΝΑ